Statistics for Taylor Swift Quiz

Click here to take the quiz!

General Stats

  • This quiz has been taken 504 times
    (499 since last reset)
  • The average score is 12 of 21

Answer Stats

Question Answer % Correct
What is her debut album called?Taylor Swift
86%
What's her third album called?Speak Now
84%
What do her fans call themselves?Swifties
79%
What is her middle name?Alison
74%
When was she born?December 13, 1989
73%
What is her home state?Pennsylvania
73%
What is her cat's name?Meredith
72%
What type of farm did she grow up on?Christmas tree farm
65%
What is her first single?Tim McGraw
64%
What is the singular form of Swifties?Swifty
63%
What year did Taylor Swift do CMT Crossroads with Def Leppard?2008
61%
What was the first single from Red?We Are Never Ever Getting Back Together
58%
What is her best selling single to date?Love story
57%
What's the first single from Speak Now?Mine
54%
Where was she born?Reading or Wyomissing
46%
What's the last single from Speak Now?Ours
37%
What's her 23rd music video?I Knew You Were Trouble
35%
Her second EP is what? (Came out in 2008 before Fearless)Beautiful Eyes
35%
When was her fourth album released?October 22, 2012
18%
Who is her favorite band? (Hint: They have an album named "Hysteria")Def Leppard
14%
When was Fearless released?November 11, 2008
13%

Score Distribution

Percentile by Number Answered

Percent of People with Each Score

Your Score History

You have not taken this quiz since the last reset